000 00313nam a2200133 i 4500
001 bg
100 1 _aMAJEWSKI, A.
245 0 _aTeoria i projektowanie światłowodów /
_cA. Majewski.
260 _aWarszawa,
_c1991.
040 _cBPK
041 _apol
942 _cKS
008 s pl f |000 0 pol
999 _c5476
_d5476
856 _uhttp://koha.tu.koszalin.pl/cgi-bin/koha/opac-detail.pl?biblionumber=5476
_yKatalog online BPK